Nejistá budoucnost eurozóny
Pojem targetové saldá a ich vývoj po vzniku eurozóny. Zásadná podmienka vzniku targetových sáld. Veľká recesia a vznik targetových sáld. Prvá vlna targetových sáld. Charakteristika targetových pohľadávok a ich rizikovosť pre Nemecko. Vybrané návrhy na riešenie otázok targetových sáld. Neistá budúcno...
Uložené v:
| Hlavný autor: | |
|---|---|
| Médium: | Kapitola |
| Jazyk: | Czech |
| Predmet: | |
| Tagy: |
Žiadne tagy, Buďte prvý, kto otaguje tento záznam!
|
MARC
| LEADER | 00000naa a2200000 4500 | ||
|---|---|---|---|
| 001 | 0249627 | ||
| 005 | 20221104110523.5 | ||
| 041 | 0 | |a cze | |
| 044 | |a CZ | ||
| 245 | 1 | 0 | |a Nejistá budoucnost eurozóny |c Karel Dyba |
| 520 | |a Pojem targetové saldá a ich vývoj po vzniku eurozóny. Zásadná podmienka vzniku targetových sáld. Veľká recesia a vznik targetových sáld. Prvá vlna targetových sáld. Charakteristika targetových pohľadávok a ich rizikovosť pre Nemecko. Vybrané návrhy na riešenie otázok targetových sáld. Neistá budúcnosť eurozóny. | ||
| 610 | 2 | 0 | |a eurozóna |
| 610 | 2 | 0 | |a systémy platobné |
| 610 | 2 | 0 | |a systémy plánovania automatizované |
| 610 | 2 | 0 | |a technológie informačné |
| 610 | 2 | 0 | |a technológie komunikačné |
| 610 | 2 | 0 | |a bankovníctvo elektronické |
| 610 | 2 | 0 | |a Európska centrálna banka |
| 610 | 2 | 0 | |a Nemecko |
| 610 | 2 | 0 | |a recesia |
| 100 | 1 | |a Dyba, Karel | |